Video Games by Characters (HARD) - Statistics

General Stats
  • This quiz has been taken 344 times
  • The average score is 4 of 15
Answer Stats
Characters Video Game % Correct
Steve, Creeper, Enderman Minecraft
95%
Soap, Captain Price, Gaz Call of Duty 4: Modern Warfare
67%
Lt. Surge, Erika, Koga Pokemon Red & Blue
37%
Nigel West Dickens, Landon Ricketts, Edgar Ross Red Dead Redemption
25%
Al Mualim, Warren Vidic, Robert de Sable Assassin's Creed
23%
OG Loc, The Truth, Woozie Grand Theft Auto: San Andreas
23%
Belethor, Louis Letrush, Stenvar The Elder Scrolls V: Skyrim
23%
Ansem, Riku, Leon Kingdom Hearts
22%
Mister Burke, John Henry Eden, Fawkes Fallout 3
20%
No-bark Noonan, Raul Tejada, Victor Fallout: New Vegas
10%
Samos the Sage, Keira, Gol and Maia Acheron Jak and Daxter: The Precursor Legacy
5%
Melbu Frahma, Dabbas, Minister Noishe The Legend of Dragoon
3%
Ace Hardlight, Gleeman Vox, Juanita Ratchet: Deadlocked
2%
Alice Murray, Richard Dalton, Ernest Stockwell Army of Two
1%
Dirk, Rodyle, Botta, Kvar Tales of Symphonia
1%
No matching quizzes found
Score Distribution
Percent of People with Each Score
Percentile by Number Answered
Your Score History
You have not taken this quiz